000 00993nam a22003017ia4500
999 _c174929
_d174929
005 20191113104005.0
008 191113t20162016enka j 000 f eng d
020 _a9781474710480
_qpaperback
_cRM38.40
040 _aPPAK
_beng
_cPPAK
_erda
082 0 4 _a823.92
_223
090 0 0 _a823.92
_bTRO
_dK
100 1 _aTroupe, Thomas Kingsley,
_eauthor.
245 1 0 _aLOST :
_bA WILD TALE OF SURVIVAL /
_cBY THOMAS KINGSLEY TROUPE ; ILLUSTRATED BY KIRBI FAGAN
264 1 _aLondon :
_bRaintree,
_c[2016]
264 4 _c©2016
300 _a49 pages, 6 unnumbered pages :
_billustrations ;
_c18 cm
336 _2rdacontent
_atext
337 _2rdamedia
_aunmediated
338 _2rdacarrier
_avolume
490 1 _aSURVIVE!
500 _aBook Band Level: Red.
650 1 0 _aWilderness survival
_vJuvenile fiction
650 2 0 _aHuman-bear encounters
_vJuvenile fiction
650 2 0 _aBlack bear
_vJuvenile fiction
700 1 _aFagan, Kirbi,
_eillustrator.
830 0 _aSurvive!
942 _2ddc
_cB